<?xml version="1.0" encoding="UTF-8"?>
<marc:record xmlns:marc="http://www.loc.gov/MARC21/slim">
   <marc:leader>00000nam a2200000 a 4500</marc:leader>
   <marc:datafield ind1="1" ind2=" " tag="100">
      <marc:subfield code="a">Klein, George</marc:subfield>
      <marc:subfield code="4">aut</marc:subfield>
      <marc:subfield code="e">Verfasser/-in</marc:subfield>
   </marc:datafield>
   <marc:datafield ind1="1" ind2=" " tag="100">
      <marc:subfield code="a">Klein, George</marc:subfield>
   </marc:datafield>
   <marc:datafield ind1=" " ind2=" " tag="653">
      <marc:subfield code="a">Presley</marc:subfield>
   </marc:datafield>
   <marc:datafield ind1=" " ind2=" " tag="653">
      <marc:subfield code="a">Elvis</marc:subfield>
   </marc:datafield>
   <marc:datafield ind1=" " ind2=" " tag="653">
      <marc:subfield code="a">Softcover / Musik/Monografien</marc:subfield>
   </marc:datafield>
   <marc:datafield ind1=" " ind2=" " tag="653">
      <marc:subfield code="a">Biografie</marc:subfield>
   </marc:datafield>
   <marc:datafield ind1=" " ind2=" " tag="653">
      <marc:subfield code="a">Biographie</marc:subfield>
   </marc:datafield>
   <marc:datafield ind1="0" ind2="0" tag="245">
      <marc:subfield code="a">Elvis - mein bester Freund</marc:subfield>
   </marc:datafield>
   <marc:datafield ind1="0" ind2="0" tag="245">
      <marc:subfield code="b">Erinnerungen ; über die großen Tage des Radios, die wilden Zeiten des Rock'n'Roll und meine lebenslange Freundschaft mit Elvis Presley</marc:subfield>
   </marc:datafield>
   <marc:datafield ind1="0" ind2="0" tag="245">
      <marc:subfield code="c">George Klein mit Chuck Crisafulli. Aus dem Amerikan. von Henning Dedekind und Angelika Inhoffen</marc:subfield>
   </marc:datafield>
   <marc:datafield ind1=" " ind2="1" tag="264">
      <marc:subfield code="a">Höfen</marc:subfield>
      <marc:subfield code="b">Hannibal</marc:subfield>
      <marc:subfield code="c">2010</marc:subfield>
   </marc:datafield>
   <marc:datafield ind1=" " ind2=" " tag="250">
      <marc:subfield code="a">Dt. Erstausg.</marc:subfield>
   </marc:datafield>
   <marc:datafield ind1="1" ind2=" " tag="520">
      <marc:subfield code="a">Angaben aus der Verlagsmeldung

Elvis - Mein bester Freund / von George Klein

Elvis Aaron Presley war gerade einmal 13 Jahre alt, als er 1948 mit seiner Familie von seinem Geburtsort Tupelo nach Memphis, Tennessee, umzog. Er war dort fremd, fand aber an der High School rasch neue Freunde. Mit einem verband ihn eine lebenslange enge Freundschaft: George Klein. Elvis nannte ihn immer nur »GK«. Schon in dieser Zeit war Elvis ein musikalisches Ausnahmetalent, und seine Auftritte im Musikunterricht mit Titeln wie Old Shep oder Cold Icy Fingers waren für Lehrer und Klassenkameraden geradezu umwerfend. Elvis und GK wurden Freunde, lange bevor Elvis einer der wichtigsten Vertreter der Rock- und Popkultur des 20. Jahrhunderts wurde. Und auch als Elvis mit rund einer Milliarde verkaufter Tonträger zum weltweit erfolgreichsten Solo-Künstler geworden war, blieben sie in ständigem Kontakt.
</marc:subfield>
   </marc:datafield>
   <marc:datafield ind1=" " ind2=" " tag="020">
      <marc:subfield code="a">9783854453284</marc:subfield>
      <marc:subfield code="9">9783854453284</marc:subfield>
   </marc:datafield>
   <marc:datafield ind1=" " ind2=" " tag="041">
      <marc:subfield code="a">ger</marc:subfield>
   </marc:datafield>
   <marc:datafield ind1=" " ind2=" " tag="300">
      <marc:subfield code="a">381 S.</marc:subfield>
   </marc:datafield>
</marc:record>
